00342nam a2200133 a 450000500170000000800410001702000180005805000260007624500180010226000390012030000090015944000250016850000150019320140412111421.0071129s19uu xx 00 eng d a1-55799-910-4 aTR(GS 372.4bSh8 2003 aShort Vowels. aU.S.A :bThe learning line,c2003. a32p. aSuccess measures up! aGrades 1-2